Costa, Azaña, el Frente Popular y otros ensayos / (Record no. 83498)

MARC details
000 -LEADER
campo de control de longitud fija 00774nam a2200241 i 4500
001 - NÚMERO DE CONTROL
campo de control 83498
003 - IDENTIFICADOR DE NÚMERO DE CONTROL
campo de control ES-MaACL
005 - FECHA Y HORA DE LA ÚLTIMA TRANSACCIÓN
campo de control 20230906174834.0
007 - CAMPO FIJO DE DESCRIPCIÓN FÍSICA--INFORMACIÓN GENERAL
campo de control de longitud fija t|
008 - DATOS DE LONGITUD FIJA--INFORMACIÓN GENERAL
campo de control de longitud fija 041117s1976 sp ||||1| spa d
020 ## - NÚMERO INTERNACIONAL ESTÁNDAR DEL LIBRO
Número Internacional Estándar del Libro 84-85137-30-2
100 1# - ENTRADA PRINCIPAL--NOMBRE DE PERSONA
Nombre de persona Jackson, Gabriel,
Fechas asociadas al nombre 1921-2019
9 (RLIN) 65809
245 10 - MENCIÓN DEL TÍTULO
Título Costa, Azaña, el Frente Popular y otros ensayos /
Mención de responsabilidad, etc. Gabriel Jackson.
260 ## - PUBLICACIÓN, DISTRIBUCIÓN, ETC.
Lugar de publicación, distribución, etc. Madrid :
Nombre del editor, distribuidor, etc. Turner,
Fecha de publicación, distribución, etc. [1976]
300 ## - DESCRIPCIÓN FÍSICA
Extensión 241 p. ;
Dimensiones 21 cm.
600 14 - PUNTO DE ACCESO ADICIONAL DE MATERIA--NOMBRE DE PERSONA
Nombre de persona Costa, Joaquín,
Fechas asociadas al nombre 1846-1911
9 (RLIN) 41054
600 14 - PUNTO DE ACCESO ADICIONAL DE MATERIA--NOMBRE DE PERSONA
Nombre de persona Azaña, Manuel,
Fechas asociadas al nombre 1880-1940
9 (RLIN) 24223
610 24 - PUNTO DE ACCESO ADICIONAL DE MATERIA--NOMBRE DE ENTIDAD CORPORATIVA
Nombre de entidad corporativa o nombre de jurisdicción como elemento de entrada Frente Popular (España)
9 (RLIN) 4188
651 #4 - PUNTO DE ACCESO ADICIONAL DE MATERIA--NOMBRE GEOGRÁFICO
Nombre geográfico España-
Subdivisión general Historia-
Subdivisión cronológica 1931-1939, II República.
9 (RLIN) 8283
651 #4 - PUNTO DE ACCESO ADICIONAL DE MATERIA--NOMBRE GEOGRÁFICO
Nombre geográfico España-
Subdivisión de forma Historiografía.
9 (RLIN) 8377
852 ## - LOCALIZACIÓN
Ubicación ES-MaACL
Número de control de estantería A-5670
Holdings
Estatus retirado Estado de pérdida Estado de daño No para préstamo Biblioteca de origen Biblioteca actual Ubicación en estantería Fecha de adquisición Fuente de adquisición Total de préstamos Signatura topográfica completa Código de barras Visto por última vez Precio de reemplazo Tipo de ítem Koha
        Biblioteca del Ateneo de Madrid Biblioteca del Ateneo de Madrid Sala Pecera Planta 1 17/01/2008     A-5670 1087271 23/02/2023 23/02/2023 Libro impreso